| 000 | 01084nam a2200313 a 4500 | ||
|---|---|---|---|
| 001 | 61668 | ||
| 003 | BD-RjUL | ||
| 005 | 20211209081005.0 | ||
| 008 | 170121s1996 nyu b 001 0 eng u | ||
| 020 | _a0415124808 (hbk.) | ||
| 020 | _a0415124816 (pbk.) | ||
| 035 | _a(BD-RjUL)61792 | ||
| 040 |
_aBD-RjUL _cBD-RjUL _dBD-RjUL _beng |
||
| 041 | _aeng | ||
| 082 | 0 | 0 |
_a420.141 _223 _bHUE 1996 |
| 100 | 1 |
_aHughes, Rebecca, _d1962- _9183678 |
|
| 245 | 1 | 0 |
_aEnglish in speech and writing : _binvestigating language and literature / _cRebecca Hughes. |
| 260 |
_aLondon ; _aNew York : _bRoutledge, _c1996. |
||
| 300 |
_a178 p. ; _c25 cm. |
||
| 490 | 1 | _aInterface | |
| 504 | _aIncludes bibliographical references (p. [172]-175) and index. | ||
| 650 | 0 |
_aEnglish language _xDiscourse analysis. _9183679 |
|
| 650 | 0 |
_aEnglish language _xSpoken English. _9183680 |
|
| 650 | 0 |
_aEnglish language _xWritten English. _9183681 |
|
| 650 | 0 |
_aEnglish language _xSyntax. _9183682 |
|
| 650 | 0 |
_aEnglish language _xVariation. _9183683 |
|
| 830 | 0 |
_aInterface (London, England) _9183684 |
|
| 942 |
_2ddc _cBK |
||
| 999 |
_c61668 _d61668 |
||